Σπινόζα : κράτος και θρησκεία
Saved in:
| Main Author: | |
|---|---|
| Other Authors: | , |
| Format: | Book |
| Language: | Greek |
| Published: |
Αθήνα :
Ι. Σιδέρης,
2018.
|
| Subjects: | |
| Tags: |
Add Tag
No Tags, Be the first to tag this record!
|
MARC
| LEADER | 00000cam a2200000 a 4500 | ||
|---|---|---|---|
| 001 | 1/119014 | ||
| 008 | 190604s2018####gr ||||||| |||| ||gre|| | ||
| 020 | |a 9789600807752 | ||
| 040 | |a GR-MyUa |b gre |c GR-MyUa |e AACR2 | ||
| 041 | 1 | |a gre | |
| 082 | 7 | |a 199.492 |2 (23) | |
| 100 | 1 | |a Moreau, Pierre-Francois |d 1948- | |
| 245 | 1 | 0 | |a Σπινόζα : |b κράτος και θρησκεία / |c Pierre-Francois Moreau ; επιστημονική επιμέλεια: Δημήτρης Ι. Αθανασάκης ; μετάφραση: Φώτης Σιατίτσας. |
| 260 | |a Αθήνα : |b Ι. Σιδέρης, |c 2018. | ||
| 300 | |a 167 σ. ; |c 21 εκ. | ||
| 500 | |a Τίτλος πρωτοτύπου : Spinoza: etat et religion. | ||
| 600 | 1 | 0 | |a Spinoza, Benedictus de |d 1632-1677. |
| 650 | 0 | |a Political science |v Early works to 1800. | |
| 700 | 1 | |a Αθανασάκης, Δημήτρης, |e edt | |
| 700 | 1 | |a Σιατίτσας, Φώτης, |e trl | |
| 852 | |a INST |b LESVOS |c EUDOXUS |e 20190604 |h 199.492 MOR |p 005100061892 |q 005100061892 |t EDX |y 0 | ||
| 920 | |a Εύδοξος |b Παραγγελία |y Λέσβος-ΤΚΑΙ |z 2019-05 | ||
| 970 | |a Δημάκη |b Μαρία |z 04-06-2019 | ||